000 00741am a2200301a 44500
003 AR-BaBNM
005 20251128211209.0
008 063020s2000 #AR|||||||||||000 | spa||
020 _a987-43-2397-3
040 _cAR-BaBNM
100 1 _aPalomba, María Laura
245 1 0 _aEl prodigio de América
260 _aMendoza
_bSubsecretaría de Cultura
_c2000
300 _a184 p.
_bil.
650 4 _aHISTORIA ARGENTINA
650 4 _aBIOGRAFIAS
650 4 _aHISTORIA
650 4 _aGUERRAS DE LA INDEPENDENCIA
650 4 _aHISTORIA LATINOAMERICANA
651 4 _aPerú
651 4 _aChile
651 4 _aArgentina
651 4 _aMendoza
653 _aVIDA PRIVADA
655 _aBIOGRAFIAS
942 _cBK
998 _cMariana
999 _c18673
_d18673